| 000 | 01756nam a2200301Ia 4500 | ||
|---|---|---|---|
| 999 |
_c39990 _d39990 |
||
| 001 | 6596 | ||
| 003 | GE_BSU | ||
| 005 | 20191118114834.0 | ||
| 008 | 181216s2003||||ge |||||||||||||| ||geo|| | ||
| 020 | _a9992889047 | ||
| 040 | _cGE_BSU | ||
| 041 | _ageo | ||
| 080 | _a616.311+616.317 ბ-86 | ||
| 100 |
_aბოროვსკი, ე. _93307 |
||
| 245 |
_aპირის ღრუს ლორწოვანი გარსისა და ტუჩების დაავადებები / _cბოროვსკი, ე.; რედ. ე. ბოროვსკი, ა. მაშკილეისონი; რუს. თარგმნა თენგიზ ბინიაშვილმა; ქართ. თარგმ. რედ.: ლია ჭელიძე, ალეკო კაციტაძე, კახაბერ ჭელიძე. |
||
| 264 |
_aთბილისი : _bმთაწმინდელი, _c2003. |
||
| 300 |
_a295 გვ.: _bილ.; _c22 სმ. |
||
| 490 | _aსასწ. ლიტ. უმაღლ. სამედ. სასწ. სტუდ. და ექიმებისათვის | ||
| 541 | _h10ლ. | ||
| 653 | _aპირის ღრუს დაავადებები; | ||
| 653 | _aტუჩების დაავადებები; | ||
| 653 | _aმედიცინა | ||
| 700 |
_aმაშკილეისონი, ა. _eავტორი _95390 |
||
| 700 |
_a ბინიაშვილი, თენგიზ _eმთარგმნელი _95391 |
||
| 700 |
_a ბოროვსკი, ე. _eრედაქტორი _95392 |
||
| 700 |
_aმაშკილეისონი, ა. _eრედაქტორი _95393 |
||
| 942 |
_cBK _2udc |
||